| 000 | 01256nam a2200277Ia 4500 | ||
|---|---|---|---|
| 999 |
_c52955 _d52955 |
||
| 001 | 19986 | ||
| 003 | GE_BSU | ||
| 005 | 20250314181742.0 | ||
| 008 | 181216s2007||||ge |||||||||||||| ||geo|| | ||
| 020 | _a99928-43-50-0 | ||
| 040 | _cGE_BSU | ||
| 041 | _ageo | ||
| 080 | _a37.01(09) ბ-29 | ||
| 100 |
_aბასილაძე, ნოდარ _924569 |
||
| 245 |
_aნარკვევები პედაგოგიკური აზროვნების ისტორიიდან / _cნოდარ ბასილაძე ; [რედ. ლევან ასათიანი]. |
||
| 264 |
_aბათუმი : _bალიონი _c2007 |
||
| 300 | _a306გვ. ; 20სმ. | ||
| 500 | _aწიგნს ახლავს. ავტ. მინაწ. | ||
| 504 | _aბიბლიოგრ. ნარკვ. ბოლოს. | ||
| 541 | _h10 ლ. | ||
| 653 | _aნარკვევები პედაგოგიკური აზროვნების ისტორიიდან | ||
| 653 | _aპედაგოგიკა | ||
| 653 | _aპედაგოგიკის ისტორია | ||
| 700 |
_aასათიანი, ლევან _eრედაქტორი _93571 |
||
| 942 |
_cBK _2udc |
||